000 01132nam a2200325 a 4500
001 000109367
003 CHAP
005 20220329144048.0
008 140423s2013 mx | |sm |||||||spa|d
010 _a105829
011 _a106801
040 _cCHAP
090 _aTesis
100 1 _aCruz Moreno, Aurora
_9126535
245 1 0 _aMezclas de maíces azules para lograr una formulación de tortilla azul nutracéutica
_h[En línea]
_cpor Aurora Cruz Moreno.
260 _aChapingo, Méx. :
_bEl autor,
_c2013.
500 _aPara ver el contenido del material haga clic en la liga
502 _aTesis (Ing. Agroindustrial ) -- UACH. Departamento de Ingeniería Agroindustrial
590 _aBATCH-UPD
_b05
_c20141002
_lUCH01
_h0901
590 _aE792CSJ
_b05
_c20140423
_lUCH01
_h0935
590 _aE792CSJ
_b05
_c20140423
_lUCH01
_h0936
650 1 4 _aMaíz
_xVariedades.
_971081
650 1 4 _aMasa de maíz.
_972747
650 1 4 _aNixtamalización.
_981486
650 1 4 _aTortillas de maíz.
_9114318
856 _aFinding aid
_uhttp://10.13.5.2/tesis/sist109367.pdf
_zTeclea aquí
901 _aBK
942 _cTESIS
942 _n0
999 _c105829
_d105829